[Event "Dzhubga op"]
[Site "Dzhubga"]
[Date "2023.08.08"]
[Round "8"]
[White "Makarian, Rudik"]
[Black "Janturin, Artur"]
[Result "1-0"]
[WhiteElo "2546"]
[BlackElo "2384"]
[PlyCount "80"]
[EventDate "2023.08.01"]
[EventType "swiss"]
[EventRounds "9"]
[EventCountry "RUS"]
[SourceTitle "EXT 2024"]
[Source "ChessBase"]
[SourceDate "2023.10.10"]
[SourceVersion "1"]
[SourceVersionDate "2023.10.10"]
[SourceQuality "1"]

1. d3 d5 2. f4 e5 3. fxe5 Nc6 4. Nf3 f6 5. exf6 Nxf6 6. g3 Bd6 7. Bg2 Bg4 8. Nc3 h6 9. 0-0 Qd7 10. Bf4 Bxf4 11. gxf4 d4 12. Ne5 Nxe5 13. fxe5 dxc3 14. exf6 cxb2 15. f7+ Ke7 16. Rb1 Qd4+ 17. Kh1 Rhf8 18. Qe1 Rxf7 19. Qh4+ g5 20. Rxf7+ Kxf7 21. Qxh6 Bxe2 22. Qxg5 Rh8 23. Qd5+ Qxd5 24. Bxd5+ Kf6 25. Rxb2 b6 26. Rb4 c5 27. Ra4 a5 28. Kg2 Bd1 29. Bb3 Re8 30. Rf4+ Kg5 31. Rf1 Re2+ 32. Rf2 Rxf2+ 33. Kxf2 Kf4 34. Ke1 Bh5 35. Kd2 b5 36. Kc3 Ke5 37. a4 bxa4 38. Bxa4 Kd6 39. Kc4 Be2 40. Kb5 Kd5 1-0

[Event "Dzhubga op"]
[Site "Dzhubga"]
[Date "2023.08.03"]
[Round "3"]
[White "Moshkov, Aleksandr"]
[Black "Janturin, Artur"]
[Result "0-1"]
[WhiteElo "1371"]
[BlackElo "2384"]
[PlyCount "44"]
[EventDate "2023.08.01"]
[EventType "swiss"]
[EventRounds "9"]
[EventCountry "RUS"]
[SourceTitle "CBM 215 Extra"]
[Source "ChessBase"]
[SourceDate "2023.09.30"]
[SourceVersion "1"]
[SourceVersionDate "2023.09.30"]
[SourceQuality "1"]

1. c4 b6 2. d4 e6 3. Nc3 Bb4 4. e4 Bb7 5. Bd3 f5 6. f3 Qh4+ 7. g3 Qh5 8. Nge2 fxe4 9. fxe4 Nf6 10. 0-0 0-0 11. a3 Ng4 12. Rxf8+ Bxf8 13. h4 e5 14. Nd5 Nc6 15. Nef4 exf4 16. Nxf4 Qe8 17. Qxg4 Nxd4 18. Nd5 Qe6 19. Qd1 Qh3 20. Nb4 Bc5 21. Be3 Nf5 22. Qe1 Bxe3+ 0-1

[Event "Titled Tuesday intern op 11th Jul Late"]
[Site "Chess.com INT"]
[Date "2023.07.11"]
[Round "1"]
[White "Hoffmann, Asa"]
[Black "Janturin, Artur"]
[Result "0-1"]
[WhiteElo "2185"]
[BlackElo "2384"]
[PlyCount "122"]
[EventDate "2023.07.11"]
[EventType "swiss (blitz)"]
[EventRounds "11"]
[EventCountry "USA"]
[SourceTitle "EXT 2024"]
[Source "ChessBase"]
[SourceDate "2023.10.10"]
[SourceVersion "1"]
[SourceVersionDate "2023.10.10"]
[SourceQuality "1"]

1. d4 e6 2. e4 d5 3. e5 c5 4. Nf3 cxd4 5. Qxd4 Nc6 6. Qf4 Nge7 7. Bd3 Qc7 8. 0-0 Ng6 9. Qg3 Ncxe5 10. Nxe5 Qxe5 11. Bxg6 Qxg3 12. Bxf7+ Kxf7 13. fxg3+ Ke8 14. Be3 Bd6 15. Nd2 Rf8 16. c4 Bd7 17. cxd5 exd5 18. Nb3 Bb5 19. Rfe1 Kd7 20. Rad1 Bc6 21. Bc5 Rae8 22. Bxd6 Kxd6 23. Nd4 Rxe1+ 24. Rxe1 Rf7 25. g4 g6 26. h3 Re7 27. Rxe7 Kxe7 28. Kf2 Kd6 29. Ke3 Ke5 30. Nf3+ Kf6 31. Kd4 h6 32. h4 g5 33. hxg5+ hxg5 34. Ne1 Bd7 35. Kxd5 Bxg4 36. Nd3 Be6+ 37. Kd4 Bxa2 38. g3 b6 39. Nb4 Be6 40. Nc6 a5 41. Ne5 Kf5 42. Nf3 Kg4 43. Ke3 b5 44. Ke4 Bb3 45. Ke3 b4 46. Nd4 Bd5 47. Ne2 a4 48. Kd4 a3 49. bxa3 bxa3 50. Nc3 Bf7 51. Ke5 a2 52. Nxa2 Bxa2 53. Kf6 Bb1 54. Ke5 Bd3 55. Kd4 Be2 56. Ke3 Bf3 57. Kf2 Be4 58. Kg1 Ba8 59. Kh2 Bb7 60. Kg1 Kxg3 61. Kf1 g4 0-1

[Event "Titled Tuesday intern op 11th Jul Late"]
[Site "Chess.com INT"]
[Date "2023.07.11"]
[Round "3"]
[White "Sztokbant, Bernardo Vainzoff"]
[Black "Janturin, Artur"]
[Result "0-1"]
[WhiteElo "2213"]
[BlackElo "2384"]
[PlyCount "184"]
[EventDate "2023.07.11"]
[EventType "swiss (blitz)"]
[EventRounds "11"]
[EventCountry "USA"]
[SourceTitle "EXT 2024"]
[Source "ChessBase"]
[SourceDate "2023.10.10"]
[SourceVersion "1"]
[SourceVersionDate "2023.10.10"]
[SourceQuality "1"]

1. b3 a5 2. a4 d5 3. e3 Nf6 4. Bb2 Bf5 5. Nf3 e6 6. Na3 h6 7. Be2 Be7 8. 0-0 0-0 9. Nb5 c6 10. Nbd4 Bh7 11. Ne5 Nbd7 12. Nxd7 Nxd7 13. f4 Bf6 14. Qc1 Qc7 15. Nf3 Bxb2 16. Qxb2 Rae8 17. c4 Nc5 18. Rac1 Qb6 19. Qd4 Nd7 20. cxd5 exd5 21. Rc3 Qxd4 22. Nxd4 Nf6 23. Bf3 Be4 24. Rc5 Ra8 25. Rfc1 Nd7 26. R5c3 Bh7 27. Kf2 Rfe8 28. g4 Be4 29. Be2 g5 30. Kg3 Kg7 31. Rf1 c5 32. Nb5 Re6 33. Nc7 Rae8 34. Nxe8+ Rxe8 35. Bb5 Re7 36. Bxd7 Rxd7 37. Rxc5 d4 38. fxg5 dxe3 39. gxh6+ Kxh6 40. dxe3 Rd3 41. Rxa5 Rxb3 42. Rb5 Ra3 43. Rxf7 Bc6 44. Rh5+ Kg6 45. Rf4 Rxe3+ 46. Kf2 Ra3 47. a5 Ra2+ 48. Ke3 Ra3+ 49. Kf2 Ra2+ 50. Kg3 Ra3+ 51. Kh4 Bg2 52. Rg5+ Kh7 53. Rf7+ Kh6 54. Rh5+ Kg6 55. Rg5+ Kxf7 56. Rf5+ Kg6 57. Rg5+ Kf6 58. Rf5+ Ke6 59. Kg5 Be4 60. Rf6+ Ke7 61. Kf4 Bc6 62. g5 Rxa5 63. h4 Ra4+ 64. Kg3 Ra3+ 65. Kg4 Ra4+ 66. Kg3 Be8 67. Rb6 Bc6 68. h5 Ra5 69. Kf4 Kf7 70. g6+ Kf6 71. Rb4 Rxh5 72. Kg4 Rg5+ 73. Kh4 Rxg6 74. Rb6 Rg7 75. Kh5 Rh7+ 76. Kg4 Rd7 77. Kf4 Ke7 78. Ke5 Kd8 79. Rb2 Kc7 80. Rh2 Rd5+ 81. Kf4 Rd7 82. Rh8 b5 83. Ke5 Re7+ 84. Kd4 Re4+ 85. Kc3 Rc4+ 86. Kb3 Kb6 87. Rb8+ Kc5 88. Rh8 Rg4 89. Rh5+ Bd5+ 90. Kb2 b4 91. Rh8 Rg2+ 92. Kc1 b3 0-1

[Event "Titled Tuesday intern op 04th Jul Late"]
[Site "Chess.com INT"]
[Date "2023.07.04"]
[Round "3"]
[White "Janturin, Artur"]
[Black "Djordjevic, Dejan N"]
[Result "1-0"]
[WhiteElo "2384"]
[BlackElo "2159"]
[PlyCount "69"]
[EventDate "2023.07.04"]
[EventType "swiss (blitz)"]
[EventRounds "11"]
[EventCountry "USA"]
[SourceTitle "EXT 2024"]
[Source "ChessBase"]
[SourceDate "2023.10.10"]
[SourceVersion "1"]
[SourceVersionDate "2023.10.10"]
[SourceQuality "1"]

1. e4 c5 2. Nf3 Nc6 3. d4 cxd4 4. Nxd4 Nf6 5. Nc3 Qb6 6. Nb3 e6 7. Be3 Qc7 8. a3 a6 9. g4 d6 10. g5 Nd7 11. Bg2 b5 12. Qe2 Rb8 13. f4 Be7 14. h4 b4 15. axb4 Nxb4 16. 0-0 Nb6 17. Nd4 Nc4 18. Bc1 h6 19. b3 Nb6 20. Bb2 hxg5 21. hxg5 g6 22. Rae1 e5 23. Nd5 N6xd5 24. exd5 exd4 25. Bxd4 Rh7 26. Bf6 Rb7 27. Bxe7 Qxe7 28. Qc4 Bd7 29. Rxe7+ Kxe7 30. Re1+ Kd8 31. c3 Nc2 32. Rc1 Ne3 33. Qxa6 Bc8 34. Qxd6+ Rd7 35. Qb6+ 1-0

[Event "Titled Tuesday intern op 04th Jul Late"]
[Site "Chess.com INT"]
[Date "2023.07.04"]
[Round "5"]
[White "Janturin, Artur"]
[Black "Janaszak, Dawid"]
[Result "1-0"]
[WhiteElo "2384"]
[BlackElo "2316"]
[PlyCount "83"]
[EventDate "2023.07.04"]
[EventType "swiss (blitz)"]
[EventRounds "11"]
[EventCountry "USA"]
[SourceTitle "EXT 2024"]
[Source "ChessBase"]
[SourceDate "2023.10.10"]
[SourceVersion "1"]
[SourceVersionDate "2023.10.10"]
[SourceQuality "1"]

1. e4 c5 2. Nf3 Nc6 3. d4 cxd4 4. Nxd4 g6 5. c4 Bg7 6. Be3 Qb6 7. Nb3 Qd8 8. Qd2 Nf6 9. Nc3 Ng4 10. Bg5 a5 11. a4 Qb6 12. Ra3 0-0 13. f3 Nf6 14. Be3 Qd8 15. Be2 d6 16. 0-0 Be6 17. Nd5 Bxd5 18. cxd5 Nb4 19. Rc1 Nd7 20. Bb5 Rc8 21. Raa1 Nc5 22. Nxc5 dxc5 23. Rxc5 Qd6 24. Rac1 Rxc5 25. Bxc5 Qe5 26. Bb6 h5 27. Bxa5 Na6 28. Bc3 Qd6 29. Bxg7 Kxg7 30. Qd4+ f6 31. Bxa6 bxa6 32. Rc6 Qf4 33. Rxa6 Qc1+ 34. Kf2 Rb8 35. b4 Qc2+ 36. Kg3 h4+ 37. Kh3 Qc8+ 38. Re6 Ra8 39. a5 Qc2 40. Rxe7+ Kh6 41. Qxf6 Qf2 42. Qxh4+ 1-0

[Event "Titled Tuesday intern op 04th Jul Late"]
[Site "Chess.com INT"]
[Date "2023.07.04"]
[Round "1"]
[White "Janturin, Artur"]
[Black "Pulvett Marin, Daniel Eduardo"]
[Result "0-1"]
[WhiteElo "2384"]
[BlackElo "2503"]
[PlyCount "86"]
[EventDate "2023.07.04"]
[EventType "swiss (blitz)"]
[EventRounds "11"]
[EventCountry "USA"]
[SourceTitle "EXT 2024"]
[Source "ChessBase"]
[SourceDate "2023.10.10"]
[SourceVersion "1"]
[SourceVersionDate "2023.10.10"]
[SourceQuality "1"]

1. e4 c5 2. Nf3 d6 3. d4 cxd4 4. Nxd4 Nf6 5. Nc3 a6 6. Nb3 e6 7. g4 b5 8. Bg2 Bb7 9. a3 Nc6 10. f4 Nd7 11. Be3 Nb6 12. Qe2 Nc4 13. 0-0-0 Qc7 14. Kb1 Rc8 15. Bc1 Be7 16. h4 N6a5 17. Nxa5 Qxa5 18. Rh3 b4 19. axb4 Qxb4 20. Na2 Qb5 21. Qf2 0-0 22. g5 d5 23. exd5 Na3+ 24. Rxa3 Bxa3 25. dxe6 fxe6 26. Bh3 Bd5 27. Qe3 Bc5 28. Bxe6+ Kh8 29. Rxd5 Bxe3 30. Rxb5 Bxc1 31. Rf5 Rxf5 32. Bxf5 Rf8 33. Nxc1 Rxf5 34. Nd3 Kg8 35. c4 Kf7 36. Kc2 Kg6 37. c5 Kh5 38. c6 Rf8 39. Kc3 Rc8 40. Ne5 Kxh4 41. Kc4 Kg3 42. Kc5 Kxf4 43. Kd6 Kxg5 0-1

[Event "Titled Tuesday intern op 06th Sep Late"]
[Site "Chess.com INT"]
[Date "2022.09.06"]
[Round "1"]
[White "Derakhshani, Borna"]
[Black "Janturin, Artur"]
[Result "1/2-1/2"]
[WhiteElo "2367"]
[BlackElo "2384"]
[PlyCount "268"]
[EventDate "2022.09.06"]
[EventType "swiss (blitz)"]
[EventRounds "11"]
[EventCountry "USA"]
[SourceTitle "EXT 2023"]
[Source "ChessBase"]
[SourceDate "2022.10.05"]
[SourceVersion "1"]
[SourceVersionDate "2022.10.05"]
[SourceQuality "1"]

1. e4 a6 2. d4 b5 3. c4 bxc4 4. Bxc4 e6 5. Nc3 Bb7 6. Qb3 Qc8 7. Nf3 Nc6 8. Qc2 Nf6 9. 0-0 Be7 10. d5 Nd8 11. e5 Nxd5 12. Nxd5 exd5 13. Bd3 h6 14. Nd4 Ne6 15. Nf5 Bf8 16. Be3 g6 17. Nh4 Be7 18. Nf3 c5 19. Rac1 d4 20. Bd2 Qc6 21. Rfe1 Ng5 22. Bxg5 hxg5 23. Be4 Qb6 24. Bxb7 Qxb7 25. h3 Qd5 26. Qd2 Rh5 27. b3 a5 28. Rc4 Kf8 29. Ra4 Bd8 30. Qd1 Kg7 31. Rc4 Be7 32. Qd2 Rah8 33. Nh2 Rh4 34. Qe2 Bd8 35. Ng4 Bc7 36. Qe4 Qxe4 37. Rxe4 Bb6 38. Kf1 Re8 39. Ke2 Rhh8 40. Nf6 Re7 41. Nd5 Re6 42. Nxb6 Rxb6 43. Rxc5 Ra8 44. Rxd4 a4 45. b4 a3 46. Rxd7 Rxb4 47. Rd2 Rb2 48. Rcc2 Rab8 49. Kd3 R2b5 50. Re2 Rd8+ 51. Kc4 Ra5 52. Kb4 Ra6 53. Rc5 Rb8+ 54. Rb5 Rd8 55. Kb3 Rd3+ 56. Kc2 Rd8 57. Rb3 Rc8+ 58. Rc3 Rd8 59. Ree3 Rb8 60. e6 Rb2+ 61. Kd3 Rxe6 62. Rxe6 fxe6 63. Rxa3 Rxf2 64. Ra7+ Kf6 65. g4 Rh2 66. Ke4 Rxh3 67. a4 Rg3 68. a5 Rxg4+ 69. Ke3 Ra4 70. a6 g4 71. Ra8 Kg5 72. a7 g3 73. Kf3 Ra3+ 74. Kg2 e5 75. Kh3 e4 76. Re8 Rxa7 77. Rxe4 Ra5 78. Kxg3 Kh6 79. Rb4 Ra3+ 80. Kg4 Ra6 81. Rc4 Ra5 82. Kh4 Rh5+ 83. Kg4 Rg5+ 84. Kf4 Rf5+ 85. Kg3 Rb5 86. Ra4 Kg5 87. Rd4 Kf5 88. Kf3 Rb3+ 89. Kf2 g5 90. Ra4 Rb2+ 91. Kf3 Rb3+ 92. Kf2 Rb2+ 93. Kf3 Rb5 94. Kg3 Kg6 95. Kf3 Kh5 96. Kg3 Rb3+ 97. Kg2 g4 98. Kf2 Kh4 99. Kg2 Rb2+ 100. Kg1 Rb3 101. Ra2 Rb1+ 102. Kg2 Rb3 103. Ra1 Rg3+ 104. Kh2 Rh3+ 105. Kg1 Rb3 106. Rc1 Kg3 107. Rd1 Kh3 108. Re1 Rb2 109. Ra1 g3 110. Rd1 Rg2+ 111. Kh1 Rh2+ 112. Kg1 Rb2 113. Ra1 Rb3 114. Kh1 Kg4 115. Kg1 Kf3 116. Kh1 Rd3 117. Kg1 Rb3 118. Kh1 Re3 119. Kg1 Rd3 120. Kh1 Re3 121. Kg1 Kg4 122. Kg2 Re2+ 123. Kg1 Kh3 124. Kh1 Rh2+ 125. Kg1 Rf2 126. Kh1 Rg2 127. Rb1 Rf2 128. Kg1 Re2 129. Ra1 Rd2 130. Kh1 Rd6 131. Kg1 Rf6 132. Kh1 g2+ 133. Kg1 Rf1+ 134. Rxf1 gxf1Q+ 1/2-1/2

[Event "Titled Tuesday intern op 06th Sep Late"]
[Site "Chess.com INT"]
[Date "2022.09.06"]
[Round "5"]
[White "Filgueira, Hernan"]
[Black "Janturin, Artur"]
[Result "0-1"]
[WhiteElo "2283"]
[BlackElo "2384"]
[PlyCount "68"]
[EventDate "2022.09.06"]
[EventType "swiss (blitz)"]
[EventRounds "11"]
[EventCountry "USA"]
[SourceTitle "EXT 2023"]
[Source "ChessBase"]
[SourceDate "2022.10.05"]
[SourceVersion "1"]
[SourceVersionDate "2022.10.05"]
[SourceQuality "1"]

1. e4 a6 2. Nf3 b5 3. d3 Bb7 4. g3 Nf6 5. Bg2 c5 6. 0-0 d6 7. a4 g6 8. axb5 axb5 9. Rxa8 Bxa8 10. Na3 Qb6 11. Qe2 Bg7 12. e5 dxe5 13. Qxe5 Nbd7 14. Qe2 0-0 15. c3 e6 16. Nc2 Rd8 17. d4 Bd5 18. dxc5 Nxc5 19. Ne3 Be4 20. Ne1 Bxg2 21. N3xg2 b4 22. cxb4 Qxb4 23. Be3 Nd5 24. Bxc5 Qxc5 25. Nf3 Rb8 26. Ne5 Qd4 27. Nc6 Qxb2 28. Qf3 Rc8 29. Na5 Qb5 30. Nb3 Rc3 31. Qd1 Qxb3 32. Qe1 h5 33. Qe4 Qc4 34. Qe2 Qxe2 0-1

[Event "Titled Tuesday intern op 09th Aug Late"]
[Site "Chess.com INT"]
[Date "2022.08.09"]
[Round "4"]
[White "Aggelis, Nikolaos"]
[Black "Janturin, Artur"]
[Result "0-1"]
[WhiteElo "2287"]
[BlackElo "2384"]
[PlyCount "90"]
[EventDate "2022.08.09"]
[EventType "swiss (blitz)"]
[EventRounds "11"]
[EventCountry "USA"]
[SourceTitle "EXT 2023"]
[Source "ChessBase"]
[SourceDate "2022.10.05"]
[SourceVersion "1"]
[SourceVersionDate "2022.10.05"]
[SourceQuality "1"]

1. d4 e6 2. g3 f5 3. Bg2 Nf6 4. b3 c6 5. Nf3 d5 6. 0-0 Bd6 7. Ba3 0-0 8. Qc1 Ne4 9. Bxd6 Qxd6 10. Qa3 Qxa3 11. Nxa3 Bd7 12. c4 Be8 13. Nc2 Nd7 14. Nb4 Bh5 15. Nd3 a5 16. Rfe1 a4 17. Nde5 Nxe5 18. Nxe5 Ra7 19. Bxe4 fxe4 20. b4 a3 21. Kg2 Ra4 22. Rab1 Rfa8 23. Rb3 Kf8 24. Nd7+ Ke7 25. Nb6 Kd6 26. Nxa8 Rxa8 27. c5+ Ke7 28. f3 Bg6 29. Rc1 Kf6 30. Rcc3 Ra4 31. Kf2 e5 32. e3 exd4 33. exd4 Ke6 34. f4 Bh5 35. Ke1 Bf3 36. Kd2 Kf5 37. Ke3 Kg4 38. Rxa3 Rxb4 39. Rab3 Ra4 40. a3 Ra7 41. Rb2 Kh3 42. Rcb3 h5 43. Rxb7 Rxa3+ 44. R2b3 Ra2 45. Rxg7 Re2# 0-1

[Event "Titled Tuesday intern op 09th Aug Late"]
[Site "Chess.com INT"]
[Date "2022.08.09"]
[Round "3"]
[White "Janturin, Artur"]
[Black "Lagowski, Patryk"]
[Result "1-0"]
[WhiteElo "2384"]
[BlackElo "2333"]
[PlyCount "131"]
[EventDate "2022.08.09"]
[EventType "swiss (blitz)"]
[EventRounds "11"]
[EventCountry "USA"]
[SourceTitle "EXT 2023"]
[Source "ChessBase"]
[SourceDate "2022.10.05"]
[SourceVersion "1"]
[SourceVersionDate "2022.10.05"]
[SourceQuality "1"]

1. b3 c5 2. Bb2 d6 3. e3 e5 4. Nf3 Nc6 5. d4 cxd4 6. exd4 e4 7. Ng1 d5 8. c4 f5 9. Nc3 Nf6 10. Nge2 dxc4 11. bxc4 Bb4 12. Qb3 a5 13. a3 a4 14. Qc2 Ba5 15. Rd1 0-0 16. g3 e3 17. fxe3 Ng4 18. Bc1 Qe7 19. Rd3 Bd7 20. Bg2 Rae8 21. 0-0 Qg5 22. Nd5 Qh5 23. h3 Nf6 24. Nef4 Qh6 25. Qxa4 Ne4 26. Kh2 g5 27. Ne2 Bd8 28. Qb3 Ne7 29. Qxb7 Nxd5 30. Qxd7 Ne7 31. d5 g4 32. h4 Ng6 33. Nf4 Nxh4 34. gxh4 Qxh4+ 35. Kg1 g3 36. Re1 Qh2+ 37. Kf1 Ba5 38. Bb2 Qh6 39. Qc6 Bxe1 40. Kxe1 Qg5 41. Ne6 Qe7 42. Nxf8 Rxf8 43. Qe6+ Qxe6 44. dxe6 Re8 45. Bxe4 fxe4 46. Rd6 Rf8 47. e7 Re8 48. Rd8 Kf7 49. Rxe8 Kxe8 50. Kf1 Kxe7 51. Kg2 Ke6 52. Kxg3 Kf5 53. Bd4 h5 54. c5 h4+ 55. Kh3 Ke6 56. a4 Kd5 57. Kxh4 Kc6 58. Kg4 Kd5 59. Kf5 Kc4 60. Kxe4 Kb3 61. Kf5 Kxa4 62. c6 Kb5 63. c7 Ka4 64. c8Q Kb3 65. Qc5 Ka2 66. Qb6 1-0

[Event "Titled Tuesday intern op 28th Jun Late"]
[Site "Chess.com INT"]
[Date "2022.06.28"]
[Round "5"]
[White "De Souza, Cristiano Gomes"]
[Black "Janturin, Artur"]
[Result "1-0"]
[WhiteElo "2018"]
[BlackElo "2384"]
[PlyCount "77"]
[EventDate "2022.06.28"]
[EventType "swiss (blitz)"]
[EventRounds "11"]
[EventCountry "USA"]
[SourceTitle "CBM 209 Extra"]
[Source "ChessBase"]
[SourceDate "2022.09.30"]
[SourceVersion "1"]
[SourceVersionDate "2022.09.30"]
[SourceQuality "1"]

1. d4 e6 2. c4 b6 3. Nc3 Bb7 4. a3 f5 5. Nf3 Nf6 6. g3 Be7 7. Bg2 0-0 8. 0-0 Ne4 9. Qc2 Nxc3 10. Qxc3 Bf6 11. Rd1 d6 12. Qc2 Be4 13. Qd2 Nd7 14. b3 Nc5 15. Qa2 Nd7 16. Qd2 Qe8 17. Bb2 Qh5 18. Ne1 Bxg2 19. Nxg2 g5 20. f3 Bg7 21. Bc3 Rf6 22. Kf2 Re8 23. b4 Rh6 24. Rh1 Qg6 25. h4 Bf6 26. hxg5 Bxg5 27. Nf4 Bxf4 28. Qxf4 Rxh1 29. Rxh1 e5 30. dxe5 dxe5 31. Qd2 Nf6 32. Rh6 Qf7 33. Qg5+ Qg7 34. Qxf6 Qxf6 35. Rxf6 e4 36. Rxf5 e3+ 37. Kg2 Rd8 38. Rd5 Re8 39. Rd7 1-0

[Event "Titled Tuesday intern op 28th Jun Late"]
[Site "Chess.com INT"]
[Date "2022.06.28"]
[Round "9"]
[White "Janturin, Artur"]
[Black "Samsonkin, Artiom"]
[Result "0-1"]
[WhiteElo "2384"]
[BlackElo "2428"]
[PlyCount "120"]
[EventDate "2022.06.28"]
[EventType "swiss (blitz)"]
[EventRounds "11"]
[EventCountry "USA"]
[SourceTitle "CBM 209 Extra"]
[Source "ChessBase"]
[SourceDate "2022.09.30"]
[SourceVersion "1"]
[SourceVersionDate "2022.09.30"]
[SourceQuality "1"]

1. b3 e5 2. Bb2 Nc6 3. e3 a6 4. Nf3 e4 5. Nd4 Nf6 6. d3 d5 7. Nxc6 bxc6 8. Nd2 Bd6 9. Be2 0-0 10. 0-0 exd3 11. cxd3 c5 12. Qc2 d4 13. e4 Bg4 14. Bxg4 Bxh2+ 15. Kxh2 Nxg4+ 16. Kg1 f5 17. Qxc5 fxe4 18. Qxd4 Qg5 19. Nxe4 Qh6 20. Qd5+ Kh8 21. Be5 Rad8 22. Qc5 Rf5 23. Bxg7+ Kxg7 24. Qxc7+ Rf7 25. Qg3 Qg6 26. f3 Ne3 27. Qxg6+ hxg6 28. Rfc1 Rxd3 29. Kf2 Nd5 30. Rd1 Nf4 31. Rxd3 Nxd3+ 32. Ke3 Nf4 33. Rc1 Nxg2+ 34. Kf2 Nf4 35. Ke3 Ng2+ 36. Kf2 Nh4 37. Rc3 Rd7 38. Kg3 Nf5+ 39. Kf4 Nd4 40. Rc5 Ne6+ 41. Ke5 Nxc5 42. Nxc5 Re7+ 43. Kd4 Re2 44. a4 Rf2 45. Ke3 Rb2 46. a5 Kf6 47. f4 Kf5 48. Kd4 Ra2 49. Kc4 Kxf4 50. b4 g5 51. Nxa6 g4 52. Nc5 g3 53. Nd3+ Ke3 54. Ne1 Re2 55. a6 Rxe1 56. b5 Rc1+ 57. Kd5 Ra1 58. b6 g2 59. a7 g1Q 60. b7 Qg2+ 0-1

[Event "Titled Tuesday intern op 28th Jun Late"]
[Site "Chess.com INT"]
[Date "2022.06.28"]
[Round "7"]
[White "Kohler, Aran"]
[Black "Janturin, Artur"]
[Result "0-1"]
[WhiteElo "2121"]
[BlackElo "2384"]
[PlyCount "102"]
[EventDate "2022.06.28"]
[EventType "swiss (blitz)"]
[EventRounds "11"]
[EventCountry "USA"]
[SourceTitle "CBM 209 Extra"]
[Source "ChessBase"]
[SourceDate "2022.09.30"]
[SourceVersion "1"]
[SourceVersionDate "2022.09.30"]
[SourceQuality "1"]

1. Nf3 b5 2. c3 Bb7 3. e3 a6 4. d4 Nf6 5. a4 c6 6. Nbd2 g6 7. Bd3 Bg7 8. 0-0 0-0 9. Qb3 Qc7 10. c4 bxc4 11. Nxc4 d6 12. Nb6 Ra7 13. Bd2 Nbd7 14. Ba5 Qb8 15. Nc4 Ba8 16. Qc2 Nd5 17. Ra3 Nb4 18. Bxb4 Qxb4 19. Qc3 c5 20. Qxb4 cxb4 21. Raa1 a5 22. Ncd2 e5 23. dxe5 Nxe5 24. Nxe5 dxe5 25. Be4 Rd8 26. Bxa8 Rxd2 27. Bc6 Rxb2 28. e4 Rc7 29. Bd5 Rcc2 30. Rac1 Bf8 31. Rxc2 Rxc2 32. g4 Bc5 33. Kg2 Kf8 34. Kg3 g5 35. f3 Be3 36. Kh3 Bf4 37. Rh1 Ke7 38. Bb3 Rb2 39. Bd5 f6 40. Bc4 h6 41. Bd5 Rd2 42. Bc4 Kd6 43. Bd5 Rc2 44. Bb3 Rd2 45. Bd5 Kc5 46. Rc1+ Kd4 47. Rh1 Kc3 48. Rc1+ Kb2 49. Rh1 b3 50. Bxb3 Kxb3 51. Rb1+ Ka2 0-1

[Event "Titled Tuesday intern op 14th Jun Late"]
[Site "Chess.com INT"]
[Date "2022.06.14"]
[Round "1"]
[White "Janturin, Artur"]
[Black "Korchmar, Vasiliy"]
[Result "0-1"]
[WhiteElo "2384"]
[BlackElo "2450"]
[PlyCount "98"]
[EventDate "2022.06.14"]
[EventType "swiss (blitz)"]
[EventRounds "11"]
[EventCountry "USA"]
[SourceTitle "EXT 2023"]
[Source "ChessBase"]
[SourceDate "2022.10.05"]
[SourceVersion "1"]
[SourceVersionDate "2022.10.05"]
[SourceQuality "1"]

1. b3 d5 2. Bb2 Bg4 3. f3 Bf5 4. e4 dxe4 5. Qe2 Nf6 6. Qb5+ Bd7 7. Qxb7 Nc6 8. Bxf6 exf6 9. fxe4 Nb4 10. Bd3 Bc5 11. a3 Nxd3+ 12. cxd3 0-0 13. Nf3 Rb8 14. Qd5 Qe7 15. b4 Bb6 16. Nc3 Be6 17. Qc6 Rfd8 18. Ke2 Bd7 19. Nd5 Qe8 20. Qc3 Bg4 21. h3 Bh5 22. g4 Bg6 23. Qc4 Rd6 24. Nf4 Rbd8 25. Rac1 Qa4 26. Rc3 a5 27. h4 h6 28. g5 Kh7 29. h5 fxg5 30. hxg6+ fxg6 31. Nxg5+ Kh8 32. Nf7+ Kh7 33. Nxd8 Rxd8 34. Qf7 Rd6 35. Qe8 Qxe8 36. Rc4 axb4 37. Nh3 bxa3 38. Ng5+ Kg8 39. Nf3 a2 40. Ra1 Qa8 41. Rc2 Qa6 42. Ne1 Qa5 43. Rcxa2 Qh5+ 44. Nf3 Bd4 45. Ra8+ Kh7 46. R1a5 Qg4 47. Re8 Rf6 48. Raa8 Qxf3+ 49. Ke1 Qf1# 0-1

[Event "Titled Tuesday intern op 24th May Late"]
[Site "Chess.com INT"]
[Date "2022.05.24"]
[Round "4"]
[White "Janturin, Artur"]
[Black "Guzman, Christopher"]
[Result "1/2-1/2"]
[WhiteElo "2384"]
[BlackElo "2261"]
[PlyCount "90"]
[EventDate "2022.05.24"]
[EventType "swiss (blitz)"]
[EventRounds "11"]
[EventCountry "USA"]
[SourceTitle "EXT 2023"]
[Source "ChessBase"]
[SourceDate "2022.10.05"]
[SourceVersion "1"]
[SourceVersionDate "2022.10.05"]
[SourceQuality "1"]

1. b3 Nf6 2. Bb2 d5 3. e3 e6 4. f4 a5 5. a3 Bd6 6. Nf3 0-0 7. Bd3 Ne4 8. 0-0 Nd7 9. Nc3 Ndc5 10. Be2 b6 11. Nb5 Be7 12. d3 Nd6 13. Nbd4 Bf6 14. Ne5 Bd7 15. Rf3 Rc8 16. Rh3 Bxe5 17. fxe5 Nf5 18. Nxf5 exf5 19. Rg3 Be6 20. Bd4 Nd7 21. b4 axb4 22. axb4 c5 23. bxc5 bxc5 24. Bc3 Ra8 25. d4 Qc7 26. Bd3 Rxa1 27. Qxa1 Rb8 28. Rf3 g6 29. Rf1 Qb6 30. dxc5 Qxc5 31. Bd4 Qc7 32. Rb1 Rxb1+ 33. Qxb1 Kg7 34. Qb2 h5 35. h3 h4 36. Qc3 Qb8 37. Qb2 Qa8 38. Bb5 Qb7 39. Bxd7 Qxd7 40. Qb8 Qc6 41. Qd8 Qxc2 42. Qf6+ Kf8 43. Qd8+ Kg7 44. Qf6+ Kf8 45. Qd8+ Kg7 1/2-1/2

[Event "Titled Tuesday intern op 24th May Late"]
[Site "Chess.com INT"]
[Date "2022.05.24"]
[Round "3"]
[White "Janturin, Artur"]
[Black "Marin Ramirez, Gerardo"]
[Result "1-0"]
[WhiteElo "2384"]
[BlackElo "2204"]
[PlyCount "63"]
[EventDate "2022.05.24"]
[EventType "swiss (blitz)"]
[EventRounds "11"]
[EventCountry "USA"]
[SourceTitle "EXT 2023"]
[Source "ChessBase"]
[SourceDate "2022.10.05"]
[SourceVersion "1"]
[SourceVersionDate "2022.10.05"]
[SourceQuality "1"]

1. b3 d5 2. Bb2 Nf6 3. e3 Bf5 4. f4 e6 5. Nf3 h6 6. g3 a6 7. Bg2 c5 8. 0-0 Nc6 9. d3 Be7 10. Nbd2 0-0 11. Qe2 Bh7 12. a3 Rc8 13. Kh1 d4 14. e4 Ng4 15. Rfc1 Ne3 16. Bh3 f5 17. e5 Bg6 18. Nf1 Nxf1 19. Rxf1 Bh5 20. Qf2 Rf7 21. Bc1 Bf8 22. Bd2 Ne7 23. Bg2 Nd5 24. a4 b6 25. h3 a5 26. Kh2 Rd7 27. Bc1 Rdc7 28. Nd2 Ne3 29. Nc4 Nxg2 30. Qxg2 Rf7 31. Bd2 Qd7 32. Nxb6 1-0

[Event "Titled Tuesday intern op 24th May Late"]
[Site "Chess.com INT"]
[Date "2022.05.24"]
[Round "2"]
[White "Rychagov, Andrey"]
[Black "Janturin, Artur"]
[Result "1-0"]
[WhiteElo "2549"]
[BlackElo "2384"]
[PlyCount "63"]
[EventDate "2022.05.24"]
[EventType "swiss (blitz)"]
[EventRounds "11"]
[EventCountry "USA"]
[SourceTitle "EXT 2023"]
[Source "ChessBase"]
[SourceDate "2022.10.05"]
[SourceVersion "1"]
[SourceVersionDate "2022.10.05"]
[SourceQuality "1"]

1. d4 e6 2. c4 b6 3. a3 Bb7 4. Nc3 f5 5. Bf4 Nf6 6. e3 g6 7. Nf3 Bg7 8. Be2 0-0 9. h4 h6 10. d5 Na6 11. b4 Ne4 12. Nxe4 Bxa1 13. Qxa1 fxe4 14. Bxh6 Qf6 15. Qxf6 Rxf6 16. Ng5 exd5 17. cxd5 Re8 18. Bc4 b5 19. Bb3 d6 20. Ne6 Re7 21. Bg5 Rfxe6 22. dxe6 Re8 23. e7+ d5 24. f3 exf3 25. gxf3 c5 26. Bc2 Kg7 27. h5 gxh5 28. Rxh5 d4 29. Rh7+ Kg8 30. Bf6 cxb4 31. Rg7+ Kh8 32. Bg6 1-0